|
|
|
|
| LEADER |
02191nam a2200361 a 4500 |
| 001 |
14665263 |
| 008 |
110721r20102008maua 001 0 eng |
| 010 |
|
|
|a 2006101240
|
| 020 |
|
|
|a 9780070151581
|
| 020 |
|
|
|a 9780072969412 (alk. paper)
|
| 020 |
|
|
|a 0072969415 (alk. paper)
|
| 040 |
|
|
|a DLC
|c DLC
|d DLC
|d BD-DhAAL
|
| 082 |
0 |
0 |
|a 658.3/2
|2 22
|
| 100 |
1 |
|
|a Milkovich, George T.
|
| 245 |
1 |
0 |
|a Compensation /
|c George T. Milkovich, Jerry M. Newman ; with the assistance of Carolyn Milkovich, C.S. Venkata Ratnam
|
| 250 |
|
|
|a 9th ed.(SIE)
|
| 260 |
|
|
|a Boston ;
|a New Delhi :
|b Tata McGraw-Hill/Irwin,
|c c2008 [reprinted 2010].
|
| 300 |
|
|
|a xix, 611 p. :
|b ill. ;
|c 24 cm.
|
| 504 |
|
|
|a Includes bibliographical references and index.
|
| 541 |
|
|
|e 00023224
|
| 650 |
|
0 |
|a Compensation management.
|
| 700 |
1 |
|
|a Newman, Jerry M.
|
| 700 |
1 |
|
|a Milkovich, Carolyn.
|
| 700 |
1 |
|
|a Ratnam, C.S. Venkata
|
| 852 |
1 |
|
|a Ayesha Abed Library
|c General Shelf.
|
| 942 |
0 |
0 |
|0 6
|
| 999 |
|
|
|c 11140
|d 11140
|
| 952 |
|
|
|0 0
|1 0
|2 ddc
|4 0
|6 658_320000000000000_MIL
|7 0
|9 17580
|a BRACUL
|b BRACUL
|c GEN
|d 2011-07-19
|e Ideal library Ltd.
|g 1010.00
|l 25
|m 211
|o 658.32 MIL
|p 3010023224
|r 2022-09-08
|s 2022-06-02
|t 1
|w 2011-07-24
|y BK
|
| 952 |
|
|
|0 0
|1 0
|2 ddc
|4 0
|6 658_320000000000000_MIL
|7 0
|9 17581
|a BRACUL
|b BRACUL
|c GEN
|d 2011-07-19
|e Ideal Library Ltd.
|g 1010.00
|l 26
|m 240
|o 658.32 MIL
|p 3010023225
|r 2023-02-16
|s 2023-02-02
|t 2
|w 2011-07-24
|y BK
|
| 952 |
|
|
|0 0
|1 0
|2 ddc
|4 0
|6 658_320000000000000_MIL
|7 0
|9 17582
|a BRACUL
|b BRACUL
|c GEN
|d 2011-07-19
|e Ideal Library Ltd.
|g 1010.00
|l 22
|m 164
|o 658.32 MIL
|p 3010023226
|r 2019-08-19
|s 2019-05-16
|t 3
|w 2011-07-24
|y BK
|
| 952 |
|
|
|0 0
|1 0
|2 ddc
|4 0
|6 658_320000000000000_MIL
|7 0
|9 17583
|a BRACUL
|b BRACUL
|c GEN
|d 2011-07-19
|e Ideal library Ltd.
|g 1010.00
|l 28
|m 190
|o 658.32 MIL
|p 3010023227
|r 2023-01-31
|s 2023-01-21
|t 4
|w 2011-07-24
|y BK
|
| 952 |
|
|
|0 0
|1 0
|2 ddc
|4 0
|6 658_320000000000000_MIL
|7 0
|9 17584
|a BRACUL
|b BRACUL
|c GEN
|d 2011-07-19
|e Ideal Library Ltd.
|g 1010.00
|l 25
|m 227
|o 658.32 MIL
|p 3010023228
|r 2024-02-05
|s 2023-10-12
|t 5
|w 2011-07-24
|y BK
|
| 952 |
|
|
|0 0
|1 0
|2 ddc
|4 0
|6 658_320000000000000_MIL
|7 0
|9 17585
|a BRACUL
|b BRACUL
|c GEN
|d 2011-07-19
|e Ideal library Ltd.
|g 1010.00
|l 23
|m 231
|o 658.32 MIL
|p 3010023229
|r 2026-03-30
|s 2026-02-01
|t 6
|w 2011-07-24
|y BK
|